00945nam a2200193 a 450000500170000000800410001704000270005804100080008504400070009308200160010011101060011624502970022226000950051930000330061465000190064765000260066665000280069271000310072020191224041820.0160120s2006 ck fr|||| 000 0 spa d aCO-BoIAVH cCO-BoIAVH 0 aspa ack04a338.1bS47s2 aSeminario Internacional sobre Economía Agrícola y de los Recursos NaturalescMedellínd2006nII10aII seminario internacional sobre economía agrícola y de los recursos naturales :bseminario internacional /cUniversidad de Antioquía, Facultad de Ciencias económicas, Grupo de Economía del Medio Ambiente, Gobernación de Antioquía, Departamento administrativo del medio ambiente aMedellín :bCentro de Investigaciones Económicas :bUniversidad de Antioquía,c2006. a190 páginas ;c24 x 17 cm. 6aConservación 6aEconomía agrícola 6aDegradación ambiental2 aUniversidad de Antioquía